00520cam a2200157 4500001001100000008004100011035001500052050001900067100002100086245013300107260003700240300002100277500001200298504003400310650001800344BFIL011386 1911 spa  aBFIL011386 4aK113bC38 19111 aCathrein, Victor 0aPrincipios fundamentales del derecho penal : estudio filosofico-juridico /cpor Victor Cathrein ; tr. por Jose Ma. S. de Tejada. aBarcelona :bGustavo Gili,c1911 a273 p. ;c19 cm. a1 ejem. aIncluye apéndice e índice 4aDerecho Penal